Effectif union Bordeaux-Bègles 2026 - Statistiques

Statistiques générales
  • Ce quiz a été pris 60 fois
    20 depuis la dernière actualisation
  • Le résultat moyen est 39 sur 53
Statistiques - réponses
Poste Nationalité Statut Match Joué Joueur % Correct
Ailier France International 21 Damian Penaud
100%
Pilier droit Tonga International 16 Ben Tameifuna
100%
Talonneur France International 21 Maxime Lamothe
100%
Demi d'ouverure France International 18 Matthieu Jalibert
100%
Demi de mêlée France International 12 Maxime Lucu
100%
Troisième ligne France International 23 Cameron Woki
92%
Pilier gauche France International 22 Jefferson Poirot
92%
Troisième ligne France International 13 Pierre Bochaton
92%
Ailier France International 17 Louis Bielle-Biarrey
92%
Centre France International 15 Nicolas Depoortere
92%
Arrière France International 12 Romain Buros
92%
Ailier France International 17 Arthur Retiere
85%
Troisième ligne France International 24 Bastien Vergnes-taillefer
85%
Talonneur France Pro 12 Connor Sa
85%
Pilier droit Afrique du Sud Pro 25 Carlu Sadie
85%
Deuxième ligne France International 15 Cyril Cazeaux
85%
Troisième ligne France International 15 Marko Gazzotti
85%
Demi d'ouverure Irlande International 11 Joey Carbery
85%
Centre France Pro 18 Pablo Uberti
85%
Centre France International 13 Yoram Moefana
85%
Deuxième ligne Tonga International 14 Adam Coleman
77%
Deuxième ligne France International 26 Boris Palu
77%
Deuxième ligne Écosse International 13 Jonny Gray
77%
Pilier gauche France Espoir 26 Matis Perchaud
77%
Talonneur France International 17 Gaëtan Barlot
77%
Troisième ligne Afrique du Sud International 3 Jean-Luc Du Preez
77%
Troisième ligne France International 23 Temo Matiu
77%
Pilier gauche France Pro 7 Ugo Boniface
77%
Demi d'ouverure France Pro 3 Hugo Reus
77%
President France Laurent Marti
77%
Ailier RD Congo Pro 4 Madosh Tambwe
77%
Demi de mêlée Italie International 12 Martin Page-Relo
77%
Ailier Fidji International 22 Salesi Rayasi
77%
Arrière France Espoir 14 Xan Mousques
77%
Entraineur France Yannick Bru
77%
Centre France Espoir 5 Adrien Drault
69%
Pilier droit/gauche Tonga International 5 Toma Taufa
69%
Troisième ligne Australie International 1 Lachlan Swinton
69%
Demi de mêlée France Espoir 11 Valentin Hutteau
69%
Pilier droit France International 9 Sipili Falatea
62%
Arrière France Espoir 4 Jon Echegaray
62%
Centre Afrique du Sud International 19 Rohan Janse Van Rensburg
62%
Deuxième ligne Pologne Espoir 2 Adam Zapedowski
54%
Troisième ligne Afrique du Sud Espoir 18 Tiaan jacobs
54%
Pilier gauche France Espoir 0 Zinedine Aouad
54%
Demi d'ouverure France Espoir 11 Joseph Laharague
54%
Troisième ligne France Espoir 1 Elyjah Ibsaiene
46%
Talonneur Afrique du Sud Espoir 2 Christian Everitt
46%
Troisième ligne France Espoir 5 Romain Gardrat
46%
Pilier gauche France Pro 2 Louis Mary
38%
Centre France Espoir 1 Gabriel Bohn
31%
Troisième ligne France Espoir 1 Bobby Bissu
23%
Deuxième ligne France Espoir 0 Jacques Nguimbous
23%
Aucun quiz correspondant
Distribution des résultats
% des personnes avec chaque résultat
Percentile par nombre de réponses
Votre historique - résultats
Vous n’avez pas pris ce quiz depuis la dernière actualisation